Mechanizmy participatívnej demokracie v EÚ diplomová práca

Gespeichert in:
Bibliographische Detailangaben
1. Verfasser: Čepčeková, Donáta
Körperschaft: Fakulta medzinárodných vzťahov EU. Katedra medzinárodných ekonomických vzťahov a hospodárskej diplomacie
Weitere Verfasser: Škvrnda, František
Format: Buch
Sprache:Slowakisch
Veröffentlicht: Bratislava 2018
Tags: Tag hinzufügen
Keine Tags, Fügen Sie das erste Tag hinzu!

MARC

LEADER 00000nbm a2200000 4500
001 0244440
005 20180808081526.8
041 0 |a slo 
044 |a SK 
245 1 0 |a Mechanizmy participatívnej demokracie v EÚ  |b diplomová práca  |c Donáta Čepčeková ; školiteľ: František Škvrnda 
264 1 |a Bratislava  |c 2018 
300 |a 65 s. 
100 1 |a Čepčeková, Donáta 
700 1 |a Škvrnda, František 
710 2 |a Fakulta medzinárodných vzťahov EU. Katedra medzinárodných ekonomických vzťahov a hospodárskej diplomacie